000 00288nam a2200109Ia 4500
008 200302s9999 xx 000 0 und d
100 _aKenneth Frampton and Others
245 _aA Genalogy of modern architecture
260 _bLaurence King Publishing Ltd.,
260 _c2015
300 _a303
999 _c7008
_d7008